000 00780nam a2200217Ia 4500
003 GCL
008 140319s9999 xx 000 0 ara d
020 _a3115909977
040 _aGCL /
_cGCL
082 0 4 _a320.91724
_bا ع
100 1 _aاحمد فتحى سرور
245 1 0 _aالعالم الجديد بين الاقتصاد والسياسة والقانون /
_cاحمد فتحى سرور
260 _aالقاهرة :
_bدار الشروق ،
_c2005
300 _a542 ص ؛
_c24 سم
650 0 4 _aالدول النامية
650 0 4 _aحقوق الانسان
650 0 4 _aالتخلف الاقتصادى
650 0 4 _aمنظمة التجارة العالمية
650 0 4 _aالدول النامية - السياسة الاقتصادية
942 _2ddc
_cBK
999 _c57932
_d57932